000 00742nam a2200253 a 4500
001 BRCA_6956
005 20190320205646.0
008 181111s1952----u--ac#####---#000-0#eng-#
041 _aeng
044 _au
050 4 _aN332.D4
_b.B3 1952
245 1 0 _aBauhaus, 1919-1928
_cedited by Herbert Bayer, Walter Gropius, Ise Gropius
260 _aBoston
_bCharles T. Branfort Co.
_c1952
300 _a223 p.
_bil.
_c27 cm.
500 _aEstado físico: camisa rota
500 _aO193
650 1 4 _aBauhaus
_917336
650 1 4 _aArte
_xEstudio y enseñanza
_zAlemania (Este)
_917337
700 1 _aBayer, Herbert
_eed.
_917338
700 1 _aGropius, Walter
_eed.
_917339
700 1 _aGropius, Ise
_eed.
_917340
902 _aGFM
942 _2lcc
_cB
999 _c6638
_d6638